000 00392nam a2200145 i 4500
001 bg
100 1 _aDAVIDOVIC, Lev Nikolaevic
245 0 _aProjektowanie obiektów zaplecza technicznego transportu samochodowego /
_cL.N Dawidowicz.
260 _aWarszawa,
_c1975.
040 _cBPK
041 _apol
080 _a629.113:69:725
942 _cKS
008 s pl f |000 0 pol
999 _c4741
_d4741
856 _uhttp://koha.tu.koszalin.pl/cgi-bin/koha/opac-detail.pl?biblionumber=4741
_yKatalog online BPK